000 01314nam a2200229Ia 4500
001 18064
003 GE_BSU
008 181216s||||||||xx |||||||||||||| ||und||
040 _cGE_BSU
080 _a811.353.1'36+27
245 _aძველი ქართულის ძეგლები. 4: წიგნნი ძუელისა აღთქუმისანი. 978 წლის ხელნაწერის მიხედვით. წ.1. ნაკვ. 2. ლევიტელთაი მსაჯულთაი რუთისი ; იობისი ; ესაიაისი
245 _cგამომც. და წინასიტყვ. ა. შანიძე.
260 _aთბილისი
260 _bსაქ. სსრ. მეცნ. აკად. გამ-ბა
260 _c1948
300 _a192გვ. 27 სმ.
520 _aგაშლილ თავფურ. სათაური რუსულ ენაზე. წინასიტყვაობა რუსულ ენაზე
653 _aმსაჯულთაი რუთისი ; იობისი ; ესაიაისი
653 _aძველი აღთქმა
653 _aწიგნნი ძუელისა აღთქუმისანი
942 _cBK
999 _c51107
_d51107